<?xml version="1.0" encoding="UTF-8"?>
<record
    xmlns:xsi="http://www.w3.org/2001/XMLSchema-instance"
    xsi:schemaLocation="http://www.loc.gov/MARC21/slim http://www.loc.gov/standards/marcxml/schema/MARC21slim.xsd"
    xmlns="http://www.loc.gov/MARC21/slim">

  <leader>00732cam a22002174a 4500</leader>
  <controlfield tag="001">sa 65001258 </controlfield>
  <controlfield tag="003">DLC</controlfield>
  <controlfield tag="005">20260227112108.0</controlfield>
  <controlfield tag="008">910917s1960    ii       d    000 0 maro </controlfield>
  <datafield tag="010" ind1=" " ind2=" ">
    <subfield code="a">sa 65001258 </subfield>
  </datafield>
  <datafield tag="040" ind1=" " ind2=" ">
    <subfield code="a">DLC</subfield>
    <subfield code="c">DLC</subfield>
  </datafield>
  <datafield tag="041" ind1="0" ind2=" ">
    <subfield code="a">mar</subfield>
    <subfield code="a">san</subfield>
  </datafield>
  <datafield tag="050" ind1="0" ind2="0">
    <subfield code="a">PK927.M2</subfield>
    <subfield code="b">G5</subfield>
  </datafield>
  <datafield tag="245" ind1="0" ind2="0">
    <subfield code="a">G&#x12B;rv&#x101;&#x1E47;alaghuko&#x15B;a :</subfield>
    <subfield code="b">Sa&#x1E43;skr&#x325;ta-Mar&#x101;&#x1E6D;h&#x12B; /</subfield>
    <subfield code="c">sa&#x1E43;p&#x101;daka, Jan&#x101;rdana Vin&#x101;yaka Oka.</subfield>
  </datafield>
  <datafield tag="250" ind1=" " ind2=" ">
    <subfield code="a">Sudh&#x101;runa v&#x101;&#x1E0D;havilel&#x12B; 3. &#x101;vrtti.</subfield>
  </datafield>
  <datafield tag="260" ind1=" " ind2=" ">
    <subfield code="a">Jama&#x15B;edapura, Bih&#x101;ra :</subfield>
    <subfield code="b">Dv&#x101;rak&#x101;b&#x101;&#x12B; Oka tath&#x101; Sarasvat&#x12B;b&#x101;&#x12B; &#x100;pa&#x1E6D;e,</subfield>
    <subfield code="c">[1960]</subfield>
  </datafield>
  <datafield tag="300" ind1=" " ind2=" ">
    <subfield code="a">37, 638, 20 p.</subfield>
    <subfield code="c">25 cm.</subfield>
  </datafield>
  <datafield tag="546" ind1=" " ind2=" ">
    <subfield code="a">In Marathi.</subfield>
  </datafield>
  <datafield tag="650" ind1=" " ind2="0">
    <subfield code="a">Sanskrit language</subfield>
    <subfield code="v">Dictionaries</subfield>
    <subfield code="x">Marathi.</subfield>
  </datafield>
  <datafield tag="700" ind1="1" ind2=" ">
    <subfield code="a">Oka, Jan&#x101;rdana Vin&#x101;yaka,</subfield>
    <subfield code="d">1879-1918.</subfield>
  </datafield>
  <datafield tag="999" ind1=" " ind2=" ">
    <subfield code="c">61988</subfield>
    <subfield code="d">61988</subfield>
  </datafield>
</record>
